10 obra gráfica / (Record no. 193661)

MARC details
000 -LEADER
campo de control de longitud fija 01127nam a2200325 i 4500
001 - NÚMERO DE CONTROL
campo de control 193661
003 - IDENTIFICADOR DE NÚMERO DE CONTROL
campo de control SpMaBN
005 - FECHA Y HORA DE LA ÚLTIMA TRANSACCIÓN
campo de control 20251001143314.0
008 - DATOS DE LONGITUD FIJA--INFORMACIÓN GENERAL
campo de control de longitud fija 240202s2007 sp | ||| ||spa
016 7# - NÚMERO DE CONTROL DE UNA AGENCIA BIBLIOGRÁFICA NACIONAL
Número de control del registro bimoBNE20070706340
Fuente SpMaBN
017 ## - NÚMERO DE COPYRIGHT O DE DEPÓSITO LEGAL
Número de copyright o de depósito legal M 36692-2007
Agencia que asigna Oficina Depósito Legal Madrid
020 ## - NÚMERO INTERNACIONAL ESTÁNDAR DEL LIBRO
Número Internacional Estándar del Libro 8498157765
035 ## - NÚMERO DE CONTROL DEL SISTEMA
Número de control de sistema (OCoLC)434030930
035 ## - NÚMERO DE CONTROL DEL SISTEMA
Número de control de sistema Mimo0002195817
040 ## - FUENTE DE CATALOGACIÓN
Centro catalogador/agencia de origen SpMaBN
Lengua de catalogación spa
Centro/agencia transcriptor SpMaBN
Normas de descripción rdc
Centro/agencia modificador ES-MaACL
080 ## - NÚMERO DE LA CLASIFICACIÓN DECIMAL UNIVERSAL
Número de la Clasificación Decimal Universal 76.036(460)
245 00 - MENCIÓN DEL TÍTULO
Título 10 obra gráfica /
Mención de responsabilidad, etc. [textos, Francisco Calvo Serraller, Javier Moreno]
246 3# - FORMA VARIANTE DEL TITULO
Título propio/Titulo breve Diez obra gráfica
260 ## - PUBLICACIÓN, DISTRIBUCIÓN, ETC.
Lugar de publicación, distribución, etc. Madrid :
Nombre del editor, distribuidor, etc. Diario El País,
Fecha de publicación, distribución, etc. [2007]
300 ## - DESCRIPCIÓN FÍSICA
Extensión 57 p. :
Otras características físicas il. col. ;
Dimensiones 39 cm
650 #7 - PUNTO DE ACCESO ADICIONAL DE MATERIA--TÉRMINO DE MATERIA
Término de materia o nombre geográfico como elemento de entrada Grabado español-
Subdivisión cronológica S.XX
Fuente del encabezamiento o término
9 (RLIN) 144202
700 ## - ENTRADA AGREGADA--NOMBRE PERSONAL
Nombre de persona Calvo Serraller, Francisco,
Fechas asociadas al nombre 1948-2018
9 (RLIN) 235031
700 ## - ENTRADA AGREGADA--NOMBRE PERSONAL
Nombre de persona Moreno, Javier,
Fechas asociadas al nombre 1963-
9 (RLIN) 235032
852 ## - LOCALIZACIÓN
Ubicación ES-MaACL
Sublocalización o colección R.153578
Ubicación en estantería Depósito 2
Número de control de estantería GF-113
Encuadernación Encuadernación rustica
itemnumber 201182
942 ## - ELEMENTOS DE ENTRADA SECUNDARIOS (KOHA)
Tipo de ítem Koha Libro impreso
Suprimir en OPAC No
956 ## - LOCALIZACIÓN Y ACCESO ELECTRÓNICOS LOCAL (OCLC)
Nombre del host 1 2
Holdings
Estatus retirado Estado de pérdida Fuente del sistema de clasificación o colocación Estado de daño No para préstamo Biblioteca de origen Biblioteca actual Ubicación en estantería Fecha de adquisición Fuente de adquisición Total de préstamos Signatura topográfica completa Código de barras Visto por última vez Precio de reemplazo Tipo de ítem Koha
    Clasificación decimal universal     Biblioteca del Ateneo de Madrid Biblioteca del Ateneo de Madrid Depósito 2 01/02/2024 Donación   GF-113 101206592 02/02/2024 02/02/2024 Libro impreso